=LDR 00000nam 2200000 4500 =001 INLIS000000000041592 =005 20130612151121 =008 ***********************************ind** =035 ##$$0010-061300000041592 =041 ##$$a ind =082 ##$$a 650 =090 ##$$a 650, She b =100 ##$$a Yusuf =245 ##$$a Broker Preneur =650 ##$$a Tips dan Trik =850 ##$$a NBPNMAT =990 ##$$a 0001/BPAP-NTB/2015